000
00319nam a2200133Ia 4500
008
150201s2005 xx 000 0 und d
082
_a
618.92
_b
C05R
100
_a
R ARVIND
245
_a
100+ CLINICAL CASES IN PAEDIATRICS
250
_a
2ND
260
_b
ELSEVIER
_a
DELHI
_c
2005
650
_a
PAEDIATRICS
942
_2
ddc
_c
BK
999
_c
634
_d
634